[Event "FRA-chT U20 0809"]
[Site "Sautron"]
[Date "2009.01.04"]
[Round "7.7"]
[White "Guerry, Emilien"]
[Black "Touam, Yannis"]
[Result "0-1"]
[WhiteElo "1330"]
[BlackElo "1510"]
[PlyCount "64"]
[EventDate "2008.10.??"]
[EventType "team-tourn"]
[EventRounds "11"]
[EventCountry "FRA"]
[SourceTitle "EXT 2010"]
[Source "ChessBase"]
[SourceDate "2010.11.25"]
[SourceVersion "1"]
[SourceVersionDate "2010.11.25"]
[SourceQuality "1"]

1. e4 e5 2. Nf3 Nc6 3. Bb5 a6 4. Ba4 Nf6 5. 0-0 Be7 6. Re1 b5 7. Bb3 0-0 8. c3 d5 9. Bc2 dxe4 10. Ng5 Ng4 11. Bxe4 Bxg5 12. Bxc6 Rb8 13. h3 Qd6 14. Bf3 Nf6 15. b3 Bf5 16. d4 Bxc1 17. dxe5 Qxd1 18. Rxd1 Bb2 19. g4 Bxb1 20. Raxb1 Bxc3 21. exf6 Bxf6 22. Rd7 c5 23. Ra7 Rb6 24. Rd1 g6 25. Rdd7 Kg7 26. Bd5 Bd4 27. Bxf7 Kf6 28. Kg2 Ke5 29. Rd5+ Kf4 30. b4 Rc6 31. bxc5 Bxc5 32. Rd3 Bxa7 0-1

[Event "FRA-chT U20 0809"]
[Site "Sautron"]
[Date "2009.01.03"]
[Round "5.10"]
[White "Touam, Yannis"]
[Black "Bellahcene, Anissa"]
[Result "1-0"]
[WhiteElo "1510"]
[BlackElo "1380"]
[PlyCount "107"]
[EventDate "2008.10.??"]
[EventType "team-tourn"]
[EventRounds "11"]
[EventCountry "FRA"]
[SourceTitle "EXT 2010"]
[Source "ChessBase"]
[SourceDate "2010.11.25"]
[SourceVersion "1"]
[SourceVersionDate "2010.11.25"]
[SourceQuality "1"]

1. e4 e5 2. Nf3 Nc6 3. d4 exd4 4. Nxd4 Bc5 5. Be3 Qf6 6. c3 Nge7 7. g3 b6 8. Bg2 Rb8 9. 0-0 0-0 10. b4 Bd6 11. f4 Bxb4 12. cxb4 Nxb4 13. Nc3 Ba6 14. Rf3 c5 15. e5 Qg6 16. Nb3 Nd3 17. Nc1 Nb2 18. Qxd7 Rb7 19. Qd6 Qxd6 20. exd6 Nf5 21. Rf2 Rd7 22. Bh3 Nd3 23. Bxf5 Nxf2 24. Bxd7 Ne4 25. Nxe4 Rd8 26. Bc6 f5 27. Ng5 Rxd6 28. Bf3 h6 29. Nh3 c4 30. Ne2 Rd3 31. Bd4 Rxf3 32. Rc1 Rd3 33. Nf2 Rd2 34. Kf1 c3 35. Rxc3 Rxd4 36. Ke1 Rb4 37. Nd3 Re4 38. Kd2 Kf7 39. Rc7+ Ke6 40. Rxa7 Bb5 41. Rxg7 Be8 42. Rb7 Kd5 43. Nc3+ Kd4 44. Nxe4 fxe4 45. Re7 Bb5 46. Nf2 Bc6 47. f5 b5 48. f6 Bd5 49. Ng4 h5 50. Nh6 e3+ 51. Rxe3 Bxa2 52. Rf3 b4 53. f7 Bxf7 54. Nxf7 1-0

[Event "FRA-chT U20 0809"]
[Site "Sautron"]
[Date "2009.01.03"]
[Round "6.7"]
[White "Touam, Yannis"]
[Black "Zychowski, Adrien"]
[Result "1-0"]
[WhiteElo "1510"]
[BlackElo "1520"]
[PlyCount "54"]
[EventDate "2008.10.??"]
[EventType "team-tourn"]
[EventRounds "11"]
[EventCountry "FRA"]
[SourceTitle "EXT 2010"]
[Source "ChessBase"]
[SourceDate "2010.11.25"]
[SourceVersion "1"]
[SourceVersionDate "2010.11.25"]
[SourceQuality "1"]

1. e4 e5 2. Nf3 Nc6 3. d4 exd4 4. Nxd4 Nf6 5. Nxc6 bxc6 6. e5 Nd5 7. c4 Nb6 8. Nc3 Bb4 9. Bd2 0-0 10. Bd3 Re8 11. Qh5 h6 12. 0-0 d6 13. exd6 cxd6 14. a3 Bxc3 15. Bxc3 Na4 16. Bd4 c5 17. Bc3 Nxc3 18. bxc3 Ba6 19. f3 d5 20. Rfd1 Re3 21. Kf2 Qe7 22. Qxd5 Rd8 23. Bh7+ Kxh7 24. Qxd8 Re2+ 25. Kf1 Qe3 26. Qd3+ Qxd3 27. Rxd3 Re7 1-0